Biblioteca y Centro de Documentación

"Eppur si muove". Talento español en el siglo XXI (Registro nro. 47558)

Detalles MARC
000 -CABECERA
Longitud fija campo de control 00986naa a2200265 c 4500
001 - NÚMERO DE CONTROL
Número de control 47558
003 - IDENTIFICADOR DE NÚMERO DE CONTROL
Identificador del número de control ES-MaCES
005 - FECHA Y HORA DE LA ÚLTIMA TRANSACCIÓN
Fecha y hora de la última transacción 20160426133604.0
008 - CAMPO FIJO DE DESCRIPCIÓN FIJA--INFORMACIÓN GENERAL
Códigos de información de longitud fija   160426s2016 sp ||||| t||||||| ||spa d
040 ## - FUENTE DE CATALOGACIÓN
Centro catalogador de origen ES-MaCES
Lengua de catalogación spa
Centro transcriptor ES-MaCES
Centro modificado ES-MaCES
100 1# - ENCABEZAMIENTO PRINCIPAL--NOMBRE PERSONAL
9 (RLIN) 36819
Nombre de persona Rubio, Diego
245 11 - MENCIÓN DE TÍTULO
Título "Eppur si muove". Talento español en el siglo XXI
Mención de responsabilidad, etc. Diego Rubio
650 #4 - ASIENTO SECUNDARIO DE MATERIA--TÉRMINO DE MATERIA
9 (RLIN) 28626
Término de materia o nombre geográfico como elemento inicial éxodo de talentos
650 #4 - ASIENTO SECUNDARIO DE MATERIA--TÉRMINO DE MATERIA
9 (RLIN) 28629
Término de materia o nombre geográfico como elemento inicial emigración
650 #4 - ASIENTO SECUNDARIO DE MATERIA--TÉRMINO DE MATERIA
9 (RLIN) 29805
Término de materia o nombre geográfico como elemento inicial migración internacional
650 #4 - ASIENTO SECUNDARIO DE MATERIA--TÉRMINO DE MATERIA
9 (RLIN) 27447
Término de materia o nombre geográfico como elemento inicial pensamiento creador
650 #4 - ASIENTO SECUNDARIO DE MATERIA--TÉRMINO DE MATERIA
9 (RLIN) 28230
Término de materia o nombre geográfico como elemento inicial innovación
650 #4 - ASIENTO SECUNDARIO DE MATERIA--TÉRMINO DE MATERIA
9 (RLIN) 30749
Término de materia o nombre geográfico como elemento inicial profesional especializado
650 #4 - ASIENTO SECUNDARIO DE MATERIA--TÉRMINO DE MATERIA
9 (RLIN) 28474
Término de materia o nombre geográfico como elemento inicial científico
650 #4 - ASIENTO SECUNDARIO DE MATERIA--TÉRMINO DE MATERIA
9 (RLIN) 28522
Término de materia o nombre geográfico como elemento inicial juventud
653 10 - TÉRMINO DE INDEXACIÓN--NO CONTROLADO
Término no controlado Ciencias Sociales-Políticas
773 0# - ENTRADA DE DOCUMENTO FUENTE
Itemnumber del ítem fuente 84264
Lugar, editor y fecha de publicación Madrid (Padilla, 6, 28006) Estudios de Política Exterior
Otro identificador del documento 087166
Título Política exterior
Número de control del registro relacionado (ES-MaCES)25128
Parte(s) relacionada(s) vol. 30, n. 170 (marzo-abr. 2016) {10110 R. 087166} ;p. 118-128
902 ## - CES. TIPO DE DOCUMENTO
Tipodoc (006$c Sirtex) ART Artículo de revista
942 ## - ELEMENTOS KOHA
Fuente de clasificaión o esquema Clasificación propia del CES
Koha [por defecto] tipo de item Artículos (1982-2017)
Parte de clasificación Ciencias Sociales Politicas Empresariale

No hay ítems disponibles.

© CES, Consejo Económico y Social de España 2021